Aprendiendo de las innovaciones en los centros : la perspectiva interpretativa de investigación aplicada a tres estudios de caso /
Tres relatos etnográficos en torno innovaciones educativas realizadas en una primaria y dos secundarias de Barcelona a principios de los 90. Las observaciones en clase, el análisis de materiales y entrevistas a profesores, a los alumnos, a las familias y al personal de administración ofrecen materia...
I tiakina i:
| Ētahi atu kaituhi: | |
|---|---|
| Hōputu: | Pukapuka |
| Reo: | Pāniora |
| I whakaputaina: |
Barcelona, España :
Octaedro,
1998, c1998
|
| Rangatū: | (Repensar la Educación ;
2) |
| Ngā marau: | |
| Ngā Tūtohu: |
Kāore He Tūtohu, Me noho koe te mea tuatahi ki te tūtohu i tēnei pūkete!
|
MARC
| LEADER | 00000nam^a2200000^a^4500 | ||
|---|---|---|---|
| 001 | 000131659 | ||
| 005 | 20250521000000.0 | ||
| 009 | 20260310095030.35 | ||
| 020 | |a 84-8063-335-2 | ||
| 037 | |a Acervo ITESO - Biblioteca | ||
| 041 | |a ESP | ||
| 082 | |a 372. 07 |b APR | ||
| 245 | 0 | 0 | |a Aprendiendo de las innovaciones en los centros : |b la perspectiva interpretativa de investigación aplicada a tres estudios de caso / |c Juana María Sancho...[et al.]. |
| 264 | 4 | |a Barcelona, España : |b Octaedro, |c 1998, c1998 | |
| 300 | |a 381 p. | ||
| 336 | |a texto |b txt |2 rdacontenido | ||
| 337 | |a sin mediación |b n |2 rdamedio | ||
| 338 | |a volumen |b nc |2 rdasoporte | ||
| 440 | 1 | |a (Repensar la Educación ; |v 2) | |
| 520 | |a Tres relatos etnográficos en torno innovaciones educativas realizadas en una primaria y dos secundarias de Barcelona a principios de los 90. Las observaciones en clase, el análisis de materiales y entrevistas a profesores, a los alumnos, a las familias y al personal de administración ofrecen material para entender cómo los miembros de la comunidad escolar interpretan las innovaciones que se llevan a cabo en sus centros. | ||
| 649 | |a XX | ||
| 650 | |a Alumnos | ||
| 650 | |a Profesores | ||
| 650 | |a Docencia | ||
| 650 | |a Personal Escolar | ||
| 650 | |a Reproducción Social | ||
| 650 | |a Discurso Educativo | ||
| 650 | |a Innovación Educativa - |z España | ||
| 650 | |a Innovación Educativa - |x Aspectos Económicos | ||
| 650 | |a Diseño y Revisión Curricular - |z España | ||
| 650 | |a Modernización Educativa - |z España | ||
| 650 | |a Reforma Educativa - |z España | ||
| 650 | |a Finalidades de la Educación - |z España | ||
| 650 | |a Calidad de la Educación - |z España | ||
| 650 | |a Educación Primaria - |z Barcelona, España | ||
| 650 | |a Educación Primaria - |z España | ||
| 650 | |a Educación Media - |z Barcelona, España | ||
| 650 | |a Educación Media - |z España | ||
| 650 | |a Educación Formal - |z Barcelona, España | ||
| 650 | |a Educación Formal - |z España | ||
| 650 | |a Educación y Política - |z España | ||
| 650 | |a Etnografía - |z España | ||
| 650 | |a Metodología | ||
| 650 | |a Sociología de la Educación | ||
| 700 | |a Sancho, Juana María |e (autor) | ||
| 910 | |a Fondo General | ||
| 920 | |a Impresos - Libros | ||
| 930 | |a Colección General | ||
| 905 | |a 101 | ||
| 901 | |a 0500062285 |b IT1 |c ACC |u 20250521 | ||
| 902 | |a https://opac.biblio.iteso.mx/vufind/Record/000131659 | ||